=LDR 00000nam 2200000 4500 =001 INLIS000000000005450 =005 20251016111725 =035 ##$$a 0010-1025000505 =007 ta =008 251016###########################0#ind## =082 ##$$a 338.959 =084 ##$$a 338.959 BAD r =100 #$$a Badan Koordinasi Keluarga Berencana Nasional =245 1#$$a Report Workshop on Family Economic Development in Thailand /$c Badan Koordinasi Keluarga Berencana Nasional =260 ##$:$b Badan Koordinasi Keluarga Berencana Nasional,$c 1999 =300 ##$$a 20 Hal : $b Ilus ; $c 21 =650 #4$$a Keluarga Berencana =856 ##$$a Perpustakaan Kemendukbangga